000
00290nam a22001337a 4500
008
170830b xxu||||| |||| 00| 0 eng d
020
_a
9780923993108
041
_a
eng
080
_a
070
100
_a
39
101
_a
MED
245
_a
PUBLIC JOURNALIST
_c
FRIEDLAND,L.A
942
_2
udc
_c
BK
999
_c
25460
_d
25460